Réponses qui commencent par "Sur" - Statistics

General Stats
  • This quiz has been taken 7 times
  • The average score is 12 of 20
Answer Stats
Indice Réponse % Correct
Nom donné Surnom
100%
Sport qui se pratique sur les vagues Surf
86%
Conserve les aliments en les refroidissant très rapidement Surgeler
86%
Le jour après demain Surlendemain
86%
Mettre en avant un mot ou une phrase dans un texte Surligner
86%
Phénomènes qui dépassent les lois de la nature Surnaturel
86%
Réaction inattendue Surprise
86%
Réussir à rester en vie Survivre
86%
En hélicoptère ou en avion pour voir quelque chose de haut Survol
86%
Garder un œil attentif sur quelqu’un ou quelque chose Surveiller
71%
Plus que la capacité maximale Surcharge
57%
Faire mieux que les autres ou soi-même Surpasser
57%
Être au-dessus de quelque chose, en hauteur Surplomber
43%
On produit plus que nécessaire Surproduction
43%
Personne qui a des capacités exceptionnelles Surdoué
29%
Indique une forte probabilité Sûrement
29%
Quand on travaille trop, on peut être victime de cela Surmenage
29%
Réaction de peur Sursaut
29%
Augmente une offre Surenchère
14%
Vent du sud-ouest Suroît
0%
No matching quizzes found
Score Distribution
Percent of People with Each Score
Percentile by Number Answered
Your Score History
You have not taken this quiz